00377nam a22001577a 450000500170000001000130001702000260003003500130005603700140006908200110008310000200009424500350011426000380014927000130018730000190020020120723140130.0 aG-002053 a9780394740676c290.00 aG-002053 adplbGift a950.07 aSaid, Edward W. aOrientalismcby Edward W. Said aNew YorkbVintage Books Ed.c1979 bNew York a394 p.c22 cm.